1 objet = 1 film - Statistiques

Statistiques générales
  • Ce quiz a été pris 21 818 fois
    15 986 depuis la dernière actualisation
  • Le résultat moyen est 12 sur 18
Statistiques - réponses
Par images Réponse % Correct
Harry Potter
92%
Le Seigneur des Anneaux
90%
Brice de Nice
89%
Charlie et la Chocolaterie
86%
Matrix
81%
Forrest Gump
79%
Le Chevalier noir
78%
Pirates des caraïbes
74%
Men in black
67%
Inception
62%
Retour vers le futur
61%
Titanic
60%
Indiana Jones
58%
Intouchables
51%
Fantômas
49%
OSS 117 : Le Caire, nid d'espions
45%
Seul au monde
43%
Les Gardiens de la galaxie
20%
Aucun quiz correspondant
Distribution des résultats
% des personnes avec chaque résultat
Percentile par nombre de réponses
Votre historique - résultats
Vous n’avez pas pris ce quiz depuis la dernière actualisation